[Event "57th World Juniors 2018"]
[Site "Manavgat TUR"]
[Date "2018.09.07"]
[Round "3.29"]
[White "Suleymenov, Alisher"]
[Black "Lobanov, Sergei"]
[Result "1/2-1/2"]
[WhiteTitle "FM"]
[BlackTitle "IM"]
[WhiteElo "2307"]
[BlackElo "2535"]
[WhiteFideId "13707833"]
[BlackFideId "24183750"]
[EventDate "2018.09.05"]

1. d4 Nf6 2. c4 e6 3. g3 d5 4. Nf3 dxc4 5. Bg2 c5 6. O-O Nc6 7. dxc5 Qxd1 8.
Rxd1 Bxc5 9. Nbd2 c3 10. bxc3 O-O 11. Ne1 Rd8 12. Nd3 Be7 13. Rb1 Nd5 14. Bb2
Bd7 15. Ba1 b6 16. c4 Nf6 17. c5 bxc5 18. Rbc1 Rab8 19. Nxc5 Be8 20. Ndb3 Rxd1+
21. Rxd1 Nb4 22. a3 Na6 23. Nb7 Ba4 24. Rb1 Nd5 25. N3a5 Rc8 26. Bxd5 exd5 27.
Bd4 Ra8 28. Rc1 Kf8 29. Rc3 Bb5 30. Nc6 Rc8 31. Nxe7 Rxc3 32. Bxc3 Kxe7 33. Kf1
Nc7 34. Bxg7 Ne6 35. Bb2 Kd7 36. Ke1 Kc7 37. Na5 Ba4 38. Kd2 Kb6 39. Bc3 f5 40.
Bb4 h5 41. Kc3 Bd1 42. e3 Kc7 43. h4 Be2 44. Nb3 Kd7 45. Nc1 Bb5 46. Nd3 Kc7 47.
Nc5 Nxc5 48. Bxc5 a6 49. Kd4 Kc6 50. Bb4 Bf1 51. Ke5 Bh3 52. f3 Bg2 53. Kf4 Kd7
54. g4 fxg4 55. fxg4 hxg4 56. Kxg4 Ke6 57. Kg5 Kf7 58. h5 Be4 59. Bc3 Bd3 60.
Kf4 Ke6 61. Bd4 1/2-1/2

[Event "57th World Juniors 2018"]
[Site "Manavgat TUR"]
[Date "2018.09.07"]
[Round "3.30"]
[White "Jogstad, Martin"]
[Black "Sanal, Vahap"]
[Result "1-0"]
[WhiteTitle "FM"]
[BlackTitle "GM"]
[WhiteElo "2305"]
[BlackElo "2502"]
[WhiteFideId "1715364"]
[BlackFideId "6300545"]
[EventDate "2018.09.05"]

1. d4 d6 2. Nf3 Nf6 3. c4 g6 4. Nc3 Bf5 5. e3 Bg7 6. Bd3 Bxd3 7. Qxd3 O-O 8. O-O
c5 9. d5 a6 10. e4 b5 11. cxb5 axb5 12. Qxb5 Na6 13. Qe2 Nd7 14. Bg5 Re8 15. Nd2
Qb8 16. Rab1 Nb4 17. a3 Nc2 18. Nb5 h6 19. Bf4 Ra5 20. Nc4 Rxb5 21. Qxc2 Nb6 22.
b3 Qc7 23. Bd2 Rb8 24. Ba5 Rxa5 25. Nxa5 Nxd5 26. exd5 Qxa5 27. Rfe1 Bf6 28. Re4
Qa8 29. Qd3 Kg7 30. b4 cxb4 31. axb4 Qb7 32. b5 Ra8 33. b6 Ra5 34. Reb4 Rc5 35.
Rb5 Rc3 36. Qd1 h5 37. h3 h4 38. Ra5 Rc4 39. Ra7 Qb8 40. b7 1-0

[Event "57th World Juniors 2018"]
[Site "Manavgat TUR"]
[Date "2018.09.07"]
[Round "3.31"]
[White "Tifferet, Shaked"]
[Black "Thybo, Jesper Sondergaard"]
[Result "0-1"]
[WhiteTitle "FM"]
[BlackTitle "IM"]
[WhiteElo "2299"]
[BlackElo "2499"]
[WhiteFideId "2811529"]
[BlackFideId "1438832"]
[EventDate "2018.09.05"]

1. Nf3 Nf6 2. c4 c5 3. Nc3 b6 4. e4 d6 5. d4 cxd4 6. Nxd4 Bb7 7. f3 e6 8. Be3
Be7 9. Be2 O-O 10. O-O a6 11. Rc1 Nbd7 12. Qe1 Qc7 13. Qf2 Rfc8 14. Rfd1 Qd8 15.
Bf1 Rab8 16. a3 Qe8 17. b4 Ne5 18. Qa2 Ba8 19. Kh1 Rc7 20. Qb3 Bf8 21. Bg5 Be7
22. Be3 Bf8 23. Bg5 Nfd7 24. Bf4 Rbc8 25. Na4 g6 26. h3 Bg7 27. Be3 Qe7 28. f4
Nc6 29. Nxc6 Rxc6 30. Qb1 Qh4 31. Kh2 Nf6 32. Be2 R6c7 33. g3 Qh6 34. Qb3 b5 35.
cxb5 Rxc1 36. Bxc1 Bxe4 37. bxa6 Bc2 38. Qf3 Bxa4 39. Qb7 Rc2 40. Rd2 Rxc1 41.
a7 Nd5 42. a8=Q+ Bf8 43. Rxd5 Rc2 44. Qba6 exd5 45. Qxd5 Bd7 46. Qg2 Qg7 47. Qd3
Qb2 48. Qgf3 Bc6 49. Qf2 Bg7 50. g4 Bd5 51. Kg1 Bc4 52. Qxc2 Qxc2 53. Bf3 Qc1+
54. Kg2 Qxf4 55. Qb6 Be5 0-1

[Event "57th World Juniors 2018"]
[Site "Manavgat TUR"]
[Date "2018.09.07"]
[Round "3.32"]
[White "Priasmoro, Novendra"]
[Black "Ozenir, Ekin Baris"]
[Result "1-0"]
[WhiteTitle "FM"]
[BlackTitle "FM"]
[WhiteElo "2498"]
[BlackElo "2303"]
[WhiteFideId "7105029"]
[BlackFideId "6357415"]
[EventDate "2018.09.05"]

1. e4 Nc6 2. d4 d5 3. e5 Bf5 4. c3 f6 5. f4 Nh6 6. Nf3 e6 7. Bd3 Be4 8. Qe2 f5
9. Be3 Nf7 10. Nbd2 Be7 11. O-O-O Qd7 12. h3 a6 13. g4 Na5 14. Kb1 b5 15. Rhg1
Rg8 16. Ne1 g6 17. Nc2 Nd8 18. Rdf1 Rf8 19. h4 Rb8 20. a3 Nc4 21. h5 Bxd3 22.
Qxd3 a5 23. hxg6 hxg6 24. gxf5 gxf5 25. Rg7 Qc6 26. b4 Ra8 27. Nb3 axb4 28. axb4
Qa6 29. Nc1 Nc6 30. Rh1 Kd8 31. Rhh7 Re8 32. Bf2 Ra7 33. Be1 Kc8 34. Qg3 Kb8 35.
Qg6 Qc8 36. Nb3 Bf8 37. Rf7 Qa6 38. Nc1 Qc8 39. Rh8 Ra8 40. Nb3 Kb7 41. Bh4 Kb6
42. Nc5 Bxc5 43. dxc5+ Ka6 44. Rxe8 Qxe8 45. Qh7 Ra7 46. Rxc7 Qa8 47. Rxa7+ Qxa7
48. Qg8 Qd7 49. Nd4 Nxd4 50. cxd4 Kb7 51. Bd8 Kc6 52. Kc2 Kb7 53. Kd3 Kc6 54.
Ke2 Kb7 55. Kf3 Nd2+ 56. Kg3 Nb3 57. c6+ Kxc6 58. Qf8 Kb7 59. Ba5 Qc6 60. Qe7+
Kb8 61. Qd8+ Kb7 62. Qe7+ Kb8 63. Qf8+ Kb7 64. Qe7+ Kb8 65. Qf8+ Kb7 66. Qf7+
Ka6 67. Bc7 Nxd4 68. Bd6 Qc3+ 69. Kh4 Qf3 70. Kg5 Qg4+ 71. Kf6 Qh4+ 72. Kg7 Qxf4
73. Qc7 Qg5+ 74. Kf8 Qh6+ 75. Ke8 Qg6+ 76. Kd7 Qg8 77. Bc5 Qf7+ 78. Be7 Qg8 79.
Qc5 Kb7 80. Qc7+ Ka6 81. Qa5+ Kb7 82. Qc7+ Ka6 83. Kd6 Qa8 84. Qa5+ Kb7 85. Qc7+
Ka6 86. Bd8 Qa7 87. Qc8+ Qb7 88. Qc3 Qb8+ 89. Kd7 Qa7+ 90. Bc7 Kb7 91. Bd6 Kb6+
92. Bc7+ Kb7 93. Bd6 Kb6+ 94. Ke8 Qa8+ 95. Kf7 Nc6 96. Qc5+ Ka6 97. Kxe6 d4 98.
Kxf5 d3 99. Qc3 Qc8+ 100. Ke4 Qg4+ 101. Kxd3 Qf3+ 102. Kd2 Qf2+ 103. Kc1 Qf1+
104. Kb2 Qg2+ 105. Ka3 Qd5 106. Qh3 Na7 107. Qe3 Nc6 108. Qh3 Na7 109. Kb2 Qd2+
110. Kb3 Qd1+ 111. Kc3 Qa1+ 112. Kd2 Qb2+ 113. Ke1 Qc1+ 114. Kf2 Qc2+ 115. Kg3
Qb3+ 116. Kh4 Qc4+ 117. Kg5 Qc1+ 118. Kg6 Qg1+ 119. Kf6 Qf2+ 120. Qf5 Qh4+ 121.
Kf7 Qc4+ 122. Qe6 Nc6 123. Kf6 Nd4 124. Qe8 Qf1+ 125. Ke7 Nf5+ 126. Kd7 Nxd6
127. exd6 Qf5+ 128. Kc7 Qh7+ 129. Qd7 1-0

[Event "57th World Juniors 2018"]
[Site "Manavgat TUR"]
[Date "2018.09.07"]
[Round "3.33"]
[White "Taalaibekov, Tagir"]
[Black "Tutisani, Noe"]
[Result "1/2-1/2"]
[BlackTitle "IM"]
[WhiteElo "2291"]
[BlackElo "2471"]
[WhiteFideId "13801163"]
[BlackFideId "13602853"]
[EventDate "2018.09.05"]

1. d4 Nf6 2. Nf3 g6 3. Bf4 Bg7 4. Nc3 d5 5. e3 O-O 6. h4 Bg4 7. Be2 c5 8. Ne5
Bxe2 9. Qxe2 Nc6 10. O-O-O Qa5 11. h5 Rfc8 12. hxg6 hxg6 13. Nxc6 Rxc6 14. Be5
c4 15. Qf3 Rd8 16. g4 b5 17. a3 b4 18. axb4 Qa1+ 19. Kd2 Qxb2 20. Rb1 Qa3 21. g5
Ne4+ 22. Nxe4 c3+ 23. Ke1 Qa2 24. Rd1 dxe4 25. Qxe4 Re6 26. f4 Qc4 27. Qf3 f6
28. f5 gxf5 29. Qxf5 Rxe5 30. Qh7+ Kf8 31. dxe5 Rxd1+ 32. Kxd1 Qd5+ 33. Ke2 Qg2+
34. Kd3 Qd5+ 35. Ke2 Qg2+ 36. Ke1 Qd2+ 37. Kf1 Qxe3 38. Qf5 e6 39. Qf2 Qc1+ 40.
Qe1 Qf4+ 41. Qf2 Qc1+ 42. Qe1 1/2-1/2

[Event "57th World Juniors 2018"]
[Site "Manavgat TUR"]
[Date "2018.09.07"]
[Round "3.34"]
[White "Garidmagnai, Byambasuren"]
[Black "Barseghyan, Harutyun"]
[Result "1/2-1/2"]
[WhiteTitle "FM"]
[BlackTitle "IM"]
[WhiteElo "2287"]
[BlackElo "2466"]
[WhiteFideId "4902963"]
[BlackFideId "13304585"]
[EventDate "2018.09.05"]

1. d4 Nf6 2. c4 e6 3. Nf3 c5 4. Nc3 cxd4 5. Nxd4 a6 6. a3 b6 7. e4 d6 8. Be2 Bb7
9. f3 Be7 10. O-O O-O 11. Be3 Qc7 12. Rc1 Nbd7 13. Qe1 Rfc8 14. Qf2 Qd8 15. Nb3
Rab8 16. Rfd1 Ba8 17. Kh1 Ne5 18. Nd2 Nfd7 19. b4 Qf8 20. Na4 b5 21. cxb5 axb5
22. Nc3 Nc4 23. Nxb5 Nxe3 24. Qxe3 Qd8 25. Nb3 Rxc1 26. Qxc1 d5 27. Qc7 Qe8 28.
Nd6 Qd8 29. Nb5 Qe8 30. exd5 Bxd5 31. N3d4 Rc8 32. Qg3 Qf8 33. Nf5 exf5 34. Rxd5
Nf6 35. Rd1 g6 36. Qe5 Nh5 37. f4 Bf6 38. Qe3 Re8 39. Qf2 Nxf4 40. Bc4 Ne6 41.
Bxe6 Rxe6 42. Nc7 Re4 43. Nd5 Be5 44. a4 Qh6 45. g3 Qh5 46. Rd2 Qg4 47. Kg2 h5
48. Qf3 Qg5 49. Re2 h4 50. Rxe4 fxe4 51. Qxe4 hxg3 52. hxg3 Qxg3+ 53. Kf1 f5 54.
Qe3 Qh2 55. Qf3 Qa2 56. a5 Kg7 57. Qd3 Qa1+ 58. Ke2 Qa2+ 59. Ke3 Qa1 60. Qd2 g5
61. Ke2 f4 62. Kf3 Qh1+ 63. Kg4 Qe4 64. Nc3 Bxc3 65. Qxc3+ Kg6 66. Qd2 Qf5+ 67.
Kf3 g4+ 68. Kg2 Qe4+ 69. Kg1 g3 70. a6 Kh5 71. a7 f3 1/2-1/2

[Event "57th World Juniors 2018"]
[Site "Manavgat TUR"]
[Date "2018.09.07"]
[Round "3.35"]
[White "Haldorsen, Benjamin"]
[Black "Milosevic, Milos"]
[Result "1-0"]
[WhiteTitle "FM"]
[BlackTitle "FM"]
[WhiteElo "2461"]
[BlackElo "2292"]
[WhiteFideId "1512633"]
[BlackFideId "964875"]
[EventDate "2018.09.05"]

1. Nf3 f5 2. d4 Nf6 3. c4 d6 4. Nc3 g6 5. g3 Bg7 6. Bg2 O-O 7. O-O Qe8 8. Re1
Qf7 9. e4 fxe4 10. Nxe4 Nc6 11. Neg5 Qxc4 12. b3 Qb4 13. a3 Qb6 14. a4 Ng4 15.
Bb2 a5 16. Qc2 Nb4 17. Qd2 Bf5 18. Rxe7 Nd5 19. Ree1 Qxb3 20. Nh4 c6 21. h3 Nh6
22. Nxf5 Rxf5 23. Ne6 Qb4 24. Qc2 Re8 25. g4 Rf6 26. Ba3 Qc3 27. Qxc3 Nxc3 28.
Nxg7 Rxe1+ 29. Rxe1 Kxg7 30. g5 Rf7 31. gxh6+ Kxh6 32. Bxd6 Nxa4 33. Ra1 Nc3 34.
Kf1 a4 35. Bb4 Nb5 36. Rxa4 Rd7 37. Bd2+ Kg7 38. Be3 Kf6 39. Bf3 Rd8 40. Rb4 Nd6
41. Bf4 h5 42. Bxd6 Rxd6 43. Rxb7 Rxd4 44. Rb6 Kg7 45. Rxc6 Rb4 46. Kg2 Rd4 47.
Kg3 Rb4 48. Bd1 Rb5 49. Bc2 Rg5+ 50. Kh2 1-0

[Event "57th World Juniors 2018"]
[Site "Manavgat TUR"]
[Date "2018.09.07"]
[Round "3.36"]
[White "Morozov, Nichita"]
[Black "Pang, Tao"]
[Result "0-1"]
[WhiteTitle "IM"]
[WhiteElo "2452"]
[BlackElo "2290"]
[WhiteFideId "13900897"]
[BlackFideId "8609950"]
[EventDate "2018.09.05"]

1. d4 d5 2. c4 e6 3. Nf3 Nf6 4. g3 dxc4 5. Bg2 c5 6. O-O Nc6 7. dxc5 Bxc5 8. Qa4
O-O 9. Qxc4 Qd5 10. Nbd2 Rd8 11. a3 b5 12. Qxd5 Nxd5 13. Nb3 Bf8 14. Nfd4 Nxd4
15. Nxd4 a6 16. e4 Nf6 17. Nc6 Rd7 18. Na5 Bc5 19. e5 Nd5 20. Bd2 Bd4 21. Nc6
Bxb2 22. Ra2 Bb7 23. Rxb2 Bxc6 24. Rc1 Bb7 25. a4 bxa4 26. Rcb1 Bc6 27. Bf1 Bb5
28. Bg2 Rc8 29. Ba5 Nc3 30. Re1 Ne2+ 31. Kh1 Nc1 32. Be4 Nd3 33. Bxd3 Rxd3 34.
Kg1 h5 35. Bb4 Rb3 36. Reb1 Bc4 37. Bd6 Rc6 38. f4 Rcb6 39. Rxb3 axb3 40. Rb2
Bd3 41. Kf2 Bc2 42. Ke3 Kh7 43. h3 a5 44. Ba3 Rb5 0-1

[Event "57th World Juniors 2018"]
[Site "Manavgat TUR"]
[Date "2018.09.07"]
[Round "3.37"]
[White "Janik, Igor"]
[Black "Cadilhac, Igor Tokuichi Kikuchi"]
[Result "1-0"]
[WhiteTitle "IM"]
[BlackTitle "FM"]
[WhiteElo "2447"]
[BlackElo "2286"]
[WhiteFideId "1159259"]
[BlackFideId "2132150"]
[EventDate "2018.09.05"]

1. d4 c5 2. d5 Nf6 3. c4 e6 4. Nf3 b5 5. dxe6 fxe6 6. cxb5 d5 7. e3 Bd6 8. Be2
O-O 9. O-O Bb7 10. Nbd2 Nbd7 11. b3 Qe7 12. Qc2 Rad8 13. Bb2 e5 14. e4 Nxe4 15.
Nxe4 dxe4 16. Nd2 e3 17. fxe3 e4 18. Nc4 Bc7 19. Bg4 Nb6 20. Nxb6 axb6 21. Rxf8+
Rxf8 22. Qc4+ Kh8 23. Rf1 Rxf1+ 24. Qxf1 Bd6 25. Qf5 Qh4 26. g3 Qh6 27. Qf7
Qxe3+ 28. Kf1 Qd3+ 29. Be2 Qb1+ 30. Kg2 1-0

[Event "57th World Juniors 2018"]
[Site "Manavgat TUR"]
[Date "2018.09.07"]
[Round "3.38"]
[White "Yaran, Siar"]
[Black "Haria, Ravi"]
[Result "0-1"]
[WhiteTitle "CM"]
[BlackTitle "IM"]
[WhiteElo "2271"]
[BlackElo "2442"]
[WhiteFideId "6323006"]
[BlackFideId "415820"]
[EventDate "2018.09.05"]

1. e4 e6 2. d4 d5 3. exd5 exd5 4. Bf4 Bd6 5. Qd2 Ne7 6. Nc3 c6 7. O-O-O Bf5 8.
Nge2 O-O 9. f3 b5 10. g4 Be6 11. h4 Bb4 12. h5 Nd7 13. h6 g6 14. a3 Ba5 15. Qe3
Nc8 16. Bg5 Qc7 17. Nf4 Re8 18. Bxb5 Nd6 19. Bd3 Bxc3 20. bxc3 Qa5 21. Ne2 Bf5
22. gxf5 Rxe3 23. Bxe3 Re8 24. Bf4 Nc4 25. Bxc4 dxc4 26. Kd2 Qxf5 27. Rh4 Nb6
28. Ng3 Qf6 29. Rg4 Nd5 30. Ne4 Qe6 31. Be5 f6 32. Nd6 Re7 33. Nxc4 fxe5 34.
Nxe5 Nf6 35. Rf4 Nd7 36. Re1 Nxe5 37. Rxe5 Qd6 38. Rfe4 Rxe5 39. Rxe5 Kf7 40.
Ra5 Qf4+ 41. Ke2 Qxh6 42. Rxa7+ Ke6 43. Ra6 Kd6 44. c4 Qh2+ 45. Ke3 Qxc2 46. d5
Qc3+ 47. Kf2 Ke5 48. Rxc6 Kf4 49. Ke2 Qc2+ 50. Ke1 Kxf3 51. Rf6+ Ke3 52. Re6+
Kd3 0-1

[Event "57th World Juniors 2018"]
[Site "Manavgat TUR"]
[Date "2018.09.07"]
[Round "3.39"]
[White "Nogerbek, Kazybek"]
[Black "Escalante Ramirez, Brian Sebasti"]
[Result "1/2-1/2"]
[WhiteTitle "FM"]
[BlackTitle "IM"]
[WhiteElo "2261"]
[BlackElo "2436"]
[WhiteFideId "13710427"]
[BlackFideId "3819566"]
[EventDate "2018.09.05"]

1. d4 d5 2. Nf3 Bf5 3. c4 e6 4. g3 Nf6 5. Bg2 h6 6. O-O c6 7. Nc3 Nbd7 8. Nd2
Be7 9. e4 dxe4 10. Ndxe4 O-O 11. Bf4 Nxe4 12. Nxe4 Nf6 13. Nxf6+ Bxf6 14. Qb3
Bxd4 15. Rad1 Qb6 16. Qxb6 Bxb6 17. b4 Rfe8 18. Rfe1 Rac8 19. c5 Bc7 20. Bxc7
Rxc7 21. Rd6 Kf8 22. f4 Ke7 23. Red1 g5 24. R1d4 Bb1 25. a3 Ba2 26. f5 exf5 27.
Rxh6 Be6 28. h4 Rg8 29. Kf2 Rcc8 30. Bh3 gxh4 31. Rhxh4 b6 32. Bg2 bxc5 33. bxc5
a5 34. Rd6 Rb8 35. Rhd4 Rb5 36. a4 Rxc5 37. Rxc6 Re5 38. Rb6 Rc8 39. Bc6 Rc5 40.
Bb5 Rc2+ 41. Ke3 Rg8 42. Kf3 Rc3+ 43. Rd3 Bd5+ 44. Ke3 Rxg3+ 45. Kd4 Rcxd3+ 46.
Bxd3 Be6 47. Bb5 Rg4+ 48. Ke3 Bd5 49. Ra6 f4+ 50. Kd4 Bg2 51. Rxa5 Rg5 52. Ra7+
Kf8 53. Bc4 Rf5 54. a5 f3 55. Rxf7+ Rxf7 56. Bxf7 Kxf7 57. Ke3 1/2-1/2

[Event "57th World Juniors 2018"]
[Site "Manavgat TUR"]
[Date "2018.09.07"]
[Round "3.40"]
[White "Thilakarathne, G M H"]
[Black "Sibashvili, Giorgi"]
[Result "1/2-1/2"]
[WhiteTitle "FM"]
[BlackTitle "IM"]
[WhiteElo "2238"]
[BlackElo "2425"]
[WhiteFideId "9912053"]
[BlackFideId "13602799"]
[EventDate "2018.09.05"]

1. e4 e6 2. d4 d5 3. Nd2 Nf6 4. e5 Nfd7 5. Bd3 c5 6. c3 Nc6 7. Ne2 cxd4 8. cxd4
f6 9. exf6 Nxf6 10. O-O Bd6 11. Nf3 Qc7 12. h3 O-O 13. Be3 Bd7 14. Re1 Rae8 15.
Rc1 Qa5 16. a3 e5 17. dxe5 Nxe5 18. Nxe5 Bxe5 19. Qb3 Bc6 20. Qb4 Qxb4 21. axb4
Bxb2 22. Rb1 Be5 23. Bxa7 Ne4 24. Rbc1 Ra8 25. Be3 Ra2 26. b5 Bd7 27. Red1 Bf5
28. f4 Bb8 29. g4 Bg6 30. Rc2 Rxc2 31. Bxc2 Ng3 32. Nxg3 Bxc2 33. Rxd5 Bxf4 34.
Bxf4 Rxf4 35. Rd8+ Rf8 36. Rd7 Rf7 37. Rd8+ Rf8 38. Rd7 Rf7 1/2-1/2

[Event "57th World Juniors 2018"]
[Site "Manavgat TUR"]
[Date "2018.09.07"]
[Round "3.41"]
[White "Raja, Harshit"]
[Black "Agdelen, Huseyin Can"]
[Result "1/2-1/2"]
[WhiteTitle "IM"]
[BlackTitle "FM"]
[WhiteElo "2419"]
[BlackElo "2280"]
[WhiteFideId "5089000"]
[BlackFideId "6352260"]
[EventDate "2018.09.05"]

1. e4 c5 2. Nf3 d6 3. d4 cxd4 4. Nxd4 Nf6 5. Nc3 a6 6. Bg5 e6 7. f4 h6 8. Bh4
Qb6 9. a3 Nbd7 10. Be2 Be7 11. Bf3 Nxe4 12. Bxe7 Nxc3 13. bxc3 Kxe7 14. Rb1 Qc5
15. O-O Ra7 16. Kh1 Nf6 17. Qd3 Rd8 18. g4 Nd5 19. Nf5+ Kf8 20. Bxd5 Qxd5+ 21.
Qxd5 exd5 22. Nd4 Bxg4 23. f5 Rc8 24. Rb6 Ke7 25. Re1+ Kd7 26. Rg1 Bh5 27. Rg3
g6 28. Re3 Kc7 29. Rb1 gxf5 30. Re7+ Kb8 31. Rb6 Bg6 32. a4 Rxc3 33. a5 Rc8 34.
Rxd6 f4 35. c3 Be4+ 36. Kg1 Rxc3 37. Rxf7 Rc7 38. Ne6 Rc1+ 39. Kf2 Rc2+ 40. Ke1
Rc1+ 41. Kd2 Rc2+ 42. Kd1 Rc8 43. Nf8 Bc2+ 44. Kd2 Ba4 45. Rb6 Be8 46. Rxf4 Ra8
47. Rfb4 Bb5 48. Ne6 Rc4 49. Rxc4 dxc4 50. Nd4 Ka7 51. Rxh6 Rg8 52. Rb6 Rg2+ 53.
Kc3 Rxh2 54. Nxb5+ axb5 55. Rxb5 1/2-1/2

[Event "57th World Juniors 2018"]
[Site "Manavgat TUR"]
[Date "2018.09.07"]
[Round "3.44"]
[White "Silva, David"]
[Black "Nikolovski, Nikola"]
[Result "1/2-1/2"]
[WhiteTitle "IM"]
[BlackTitle "IM"]
[WhiteElo "2223"]
[BlackElo "2388"]
[WhiteFideId "10101314"]
[BlackFideId "15002314"]
[EventDate "2018.09.05"]

1. e4 e5 2. Nf3 Nc6 3. d4 exd4 4. Bc4 Bc5 5. c3 Nf6 6. cxd4 Bb4+ 7. Bd2 Bxd2+ 8.
Nbxd2 d5 9. exd5 Nxd5 10. Qb3 Na5 11. Qa4+ Nc6 12. Qb3 Na5 13. Qa4+ Nc6 14. Qb3
Na5 15. Qa4+ Nc6 16. Qb3 Na5 17. Qa4+ Nc6 18. Qb3 Na5 19. Qa4+ Nc6 20. Qb3 Na5
21. Qa4+ Nc6 22. Qb3 Na5 23. Qa4+ Nc6 24. Qb3 Na5 25. Qa4+ Nc6 26. Qb3 Na5 27.
Qa4+ Nc6 1/2-1/2

[Event "57th World Juniors 2018"]
[Site "Manavgat TUR"]
[Date "2018.09.07"]
[Round "3.45"]
[White "Ozer, Omer Faruk"]
[Black "Nalbant, Tuna Onat"]
[Result "1-0"]
[WhiteTitle "IM"]
[BlackTitle "FM"]
[WhiteElo "2388"]
[BlackElo "2241"]
[WhiteFideId "6354564"]
[BlackFideId "6372821"]
[EventDate "2018.09.05"]

1. e4 c5 2. Nf3 d6 3. d4 cxd4 4. Nxd4 Nf6 5. Nc3 a6 6. Be2 e5 7. Nb3 Be6 8. f4
Nbd7 9. f5 Bxb3 10. axb3 Qb6 11. Bc4 Be7 12. Qe2 Rd8 13. Be3 Qc7 14. Rd1 b5 15.
Nd5 Nxd5 16. Bxd5 O-O 17. O-O Rc8 18. c3 Nf6 19. Kh1 Qd8 20. Rf3 Nxd5 21. Rxd5
Bg5 22. Bf2 g6 23. Rfd3 Rc6 24. Bc5 Re8 25. Ba3 Bf4 26. g3 Bg5 27. Qf3 gxf5 28.
Rxd6 Rxd6 29. Rxd6 Qc8 30. exf5 Be7 31. Rc6 Qd7 32. Bxe7 Qxe7 33. f6 Qf8 34. Qe4
Qh6 35. Rd6 Qg5 36. Kg2 h6 37. h4 Qh5 38. Rd7 Rf8 39. Rd5 Re8 40. Rd7 Rf8 41.
Re7 Qg6 42. Qxg6+ fxg6 43. Rg7+ Kh8 44. Rxg6 Kh7 45. h5 a5 46. Kf3 a4 47. Ke4
Re8 48. Rg7+ Kh8 49. bxa4 bxa4 50. f7 1-0

[Event "57th World Juniors 2018"]
[Site "Manavgat TUR"]
[Date "2018.09.07"]
[Round "3.47"]
[White "Piyumantha, M Sasith Nipun"]
[Black "Miciano, John Marvin"]
[Result "1/2-1/2"]
[WhiteTitle "FM"]
[BlackTitle "IM"]
[WhiteElo "2139"]
[BlackElo "2374"]
[WhiteFideId "9916148"]
[BlackFideId "5211948"]
[EventDate "2018.09.05"]

1. d4 g6 2. c4 Bg7 3. Nf3 Nf6 4. Nc3 O-O 5. e4 d6 6. h3 a6 7. Be3 c6 8. Bd3 b5
9. O-O Nbd7 10. a4 b4 11. Ne2 c5 12. d5 a5 13. Rb1 Qc7 14. Qd2 Re8 15. Bh6 Ne5
16. Nxe5 dxe5 17. Bxg7 Kxg7 18. f4 exf4 19. Rxf4 Qe5 20. Rbf1 Kh8 21. Qe3 Ba6
22. b3 Rac8 23. Bc2 Kg8 24. Nc1 Nd7 25. Nd3 Qc3 26. R4f2 Ne5 27. Qe1 Qxe1 28.
Rxe1 f6 29. Nxe5 fxe5 30. Ref1 Rf8 31. Rxf8+ Rxf8 32. Rxf8+ Kxf8 33. Kf2 Kg7 34.
g4 Bc8 35. Kg3 g5 36. Bd1 Kf6 37. Be2 h6 38. Bd1 Bd7 39. Kf3 h5 40. Kg3 h4+ 41.
Kf3 Kf7 42. Ke3 Ke8 43. Kd3 Kd8 44. Ke3 Kc7 45. Kd3 Kd6 46. Ke3 e6 47. dxe6 Bxe6
48. Kd3 1/2-1/2

[Event "57th World Juniors 2018"]
[Site "Manavgat TUR"]
[Date "2018.09.07"]
[Round "3.48"]
[White "Nyambileg, Erdene-Ochir"]
[Black "Krishna Teja, N"]
[Result "1-0"]
[BlackTitle "IM"]
[WhiteElo "1798"]
[BlackElo "2356"]
[WhiteFideId "4901932"]
[BlackFideId "5001498"]
[EventDate "2018.09.05"]

1. d4 Nf6 2. c4 g6 3. Nc3 Bg7 4. e4 d6 5. Be2 O-O 6. Be3 c6 7. g4 Qa5 8. f3 e5
9. d5 c5 10. Qd2 Ne8 11. Nh3 f6 12. Nf2 Na6 13. h4 Rf7 14. f4 exf4 15. Bxf4 Nb8
16. Nd3 Nd7 17. g5 Ne5 18. Nxe5 fxe5 19. Bg3 Bd7 20. Nd1 Qxd2+ 21. Kxd2 h5 22.
Nc3 Nc7 23. a3 b6 24. b4 Na6 25. Rab1 Rc8 26. Nb5 Bxb5 27. cxb5 Nb8 28. Rhc1
Rfc7 29. Bf1 cxb4 30. Rxc7 Rxc7 31. axb4 Kf8 32. Bh3 Ke8 33. Be6 Nd7 34. Bf2 Nf8
35. Bh3 Nd7 36. Kd3 Nf8 37. Ra1 Nd7 38. Be3 Bf8 39. Be6 Bg7 40. Ra6 Rb7 41. Kc4
Rc7+ 42. Kb3 Rb7 43. Ra2 Rc7 44. Rf2 Nf8 1-0

[Event "57th World Juniors 2018"]
[Site "Manavgat TUR"]
[Date "2018.09.07"]
[Round "3.49"]
[White "Schekachikhin, Maksim"]
[Black "Karaoglan, Doruk"]
[Result "1-0"]
[WhiteTitle "IM"]
[WhiteElo "2356"]
[BlackElo "2196"]
[WhiteFideId "24177830"]
[BlackFideId "6390927"]
[EventDate "2018.09.05"]

1. d4 Nf6 2. c4 g6 3. Nc3 Bg7 4. e4 d6 5. Be2 O-O 6. Nf3 e5 7. O-O exd4 8. Nxd4
Re8 9. f3 Nc6 10. Be3 Nh5 11. Qd2 Nxd4 12. Bxd4 Nf4 13. Rf2 Bxd4 14. Qxd4 Qg5
15. Nd5 Nxd5 16. cxd5 f5 17. Bb5 Re7 18. f4 Qh6 19. e5 Qg7 20. Re1 a6 21. Ba4 b5
22. Bb3 Bb7 23. Rfe2 Rae8 24. a4 bxa4 25. Bxa4 Rd8 26. Qc4 Kh8 27. e6 Rb8 28.
Bd7 Rg8 29. Rd2 Bc8 30. Bxc8 Rxc8 31. Qxa6 Rb8 32. Qa7 Rb4 33. g3 h6 34. Qa3 Rb5
35. Rc1 Kh7 36. Rc4 Kg8 37. b4 Qf8 38. Qc3 Qg7 39. Qc1 g5 40. Qc2 Qh7 41. Qd3
Rb8 42. Ra2 g4 43. Ra7 h5 44. Qc2 Rc8 45. b5 c5 46. Rxe7 Qxe7 47. Qxf5 Qa7 48.
e7 Qa1+ 49. Kg2 Ra8 50. Qg6+ Kh8 1-0

[Event "57th World Juniors 2018"]
[Site "Manavgat TUR"]
[Date "2018.09.07"]
[Round "3.50"]
[White "Akin, Kadir"]
[Black "Arcuti, Davide"]
[Result "1/2-1/2"]
[BlackTitle "FM"]
[WhiteElo "1974"]
[BlackElo "2356"]
[WhiteFideId "6348874"]
[BlackFideId "1323725"]
[EventDate "2018.09.05"]

1. e4 e5 2. Nf3 Nc6 3. d4 exd4 4. Bc4 Nf6 5. O-O Nxe4 6. Re1 d5 7. Bxd5 Qxd5 8.
Nc3 Qd7 9. Rxe4+ Be7 10. Nb5 O-O 11. Bf4 Bd8 12. Nbxd4 Bf6 13. c3 Nxd4 14. Nxd4
c5 15. Nf3 Qxd1+ 16. Rxd1 Be6 17. a3 Rfd8 18. Ree1 h6 19. Ne5 Rxd1 20. Rxd1 Re8
21. Nf3 b5 22. Be3 Rc8 23. Rd6 a5 24. Rb6 b4 25. axb4 axb4 26. Rb5 Be7 27. h3 b3
28. Nd2 c4 29. Ra5 Kf8 30. Kf1 Ke8 31. Ke2 Kd7 32. Bd4 g6 33. Ne4 Bf5 34. Ke3
Bg5+ 35. Nxg5 hxg5 36. Ra7+ Ke8 37. Bf6 g4 38. h4 Rc6 39. Bd4 Re6+ 40. Kd2 Be4
41. g3 Bd3 42. Be3 Rd6 43. Bd4 Re6 44. Be3 Rd6 45. Bd4 1/2-1/2

[Event "57th World Juniors 2018"]
[Site "Manavgat TUR"]
[Date "2018.09.07"]
[Round "3.51"]
[White "Sawlin, Leonid"]
[Black "Tarlabasi, Emirhan"]
[Result "0-1"]
[WhiteTitle "FM"]
[WhiteElo "2355"]
[BlackElo "2193"]
[WhiteFideId "4689542"]
[BlackFideId "6350275"]
[EventDate "2018.09.05"]

1. e4 e6 2. d4 d5 3. Nc3 Bb4 4. e5 c5 5. Bd2 Ne7 6. Nb5 Bxd2+ 7. Qxd2 O-O 8. c3
b6 9. Nf3 Ba6 10. Be2 Qd7 11. a4 Nbc6 12. b4 cxb4 13. cxb4 Bb7 14. a5 bxa5 15.
bxa5 Ba6 16. O-O Rab8 17. Rfb1 Rb7 18. Nc3 Bxe2 19. Rxb7 Qxb7 20. Qxe2 Qb4 21.
Qd3 Nxa5 22. Ng5 Ng6 23. h4 Qc4 24. Qxc4 Nxc4 25. Rxa7 Nxh4 26. g3 Nf5 27. Nf3
h5 28. Ne2 g6 29. Ng5 Nd2 30. Rb7 Ne4 31. Nxe4 dxe4 32. Rd7 Rc8 33. d5 exd5 34.
Rxd5 e3 35. fxe3 Nxe3 36. Rd3 Ng4 37. e6 fxe6 38. Rd7 e5 39. Kg2 Rc2 40. Kf1 g5
41. Ng1 e4 42. Rd4 Nh2+ 43. Ke1 Rc1+ 44. Kf2 e3+ 45. Kxe3 Rxg1 46. Kf2 Ra1 47.
Rd5 Ra2+ 48. Ke3 Ra3+ 49. Kf2 Ng4+ 50. Ke2 Kh7 51. Rxg5 Kh6 52. Rg8 Rxg3 53.
Rh8+ Kg5 54. Rg8+ Kh4 55. Rh8 Re3+ 56. Kf1 Kg3 0-1